000 00455ntaaa2200181 4500
003 01
005 20251027202217.0
008 0714s1973 ag 01
040 _aAR-BaBN
_bspa
_cAR-BaBN
_eaacr
_dRIC
082 _a268.0000 B72
100 _aBradford, Ann
_920639
245 _aThe director of children's work
250 _a1 ed.
260 _aNashville :
_bConvention Press,
_cn.f.
300 _a17 p
650 _aeducacion religiosa
_94601
942 _cBK
999 _c16987
_d16987